000 01210nam a2200289 i 4500
003 EG-GICUC
005 20260426070202.0
008 260426s1954 gw |fr|||| 000 0 eng d
040 _aEG-GiCUC
_beng
_cEG-GiCUC
_dEG-GiCUC
_erda
041 0 _aeng
082 0 4 _221
_a338.9
_bCO . A
092 0 4 _221
099 _aLaw1 13 338.9 CO . A 1978
111 _a Arab-European Business Cooperation Symposium
_cheld in Montreux, Switzerland
_d29-31 May 1978
_nthe Second
_eAuthor.
245 1 0 _aArab-European Business Cooperation :
_bPartners in Development through Resources and Technology /
_cbased on the Second Arab-European Business Cooperation Symposium held in Montreux, Switzerland, 29-31 May 1978.
264 1 _aFrankfurt am Main :
_bKommentator Verlag Gmbh,
_c1978.
300 _a285 pages,
_c28 cm
336 _2rda content
_atext
337 _2rda media
_aComputer
338 _2rda carrier
_aOnline Resource
500 _aالندوة العربية الأوروبية الثانية لرجال الاعمال
546 _aText in English
650 1 4 _aPublic finance and tax legislation
856 4 0 _uhttps://fll.law.cu.edu.eg/fulltext/bks/B13-00975.pdf
905 _a48
942 _2ddc
_cBK
_e21
_n0
999 _c73379
_d73379